| 000 | 01137cab a2200265 4500 | ||
|---|---|---|---|
| 001 | ABS58511 | ||
| 008 | 090401t1998 xxu||||| |||| 00| 0 eng d | ||
| 035 | _a(Sirsi) u85106 | ||
| 041 | _aeng | ||
| 100 | _aBannister, M. | ||
| 245 | _aHow landfill tax can be enhanced to achieve its environmental objectives | ||
| 260 | _c1998 | ||
| 350 | _a0 | ||
| 490 |
_aWaste Planning _v2(6) March 1998, 3-7(5) |
||
| 520 | _aThe Taxation Manager of Severn Trent plc considers the aims and objectives of the landfill tax and why it is failing to achieve its goals. He considers what the operation of a landfill site involves, and gives examples of three landfill sites. Suggests proposals for amendments to the tax, in order to help the government achieve its environmental objectives. This is based on a submission by Severn Trent plc to HM Customs & Excise on the effects of the tax. | ||
| 650 | _aENVIRONMENTAL ISSUES | ||
| 650 | _aLANDFILL SITES | ||
| 650 | _aLANDFILL TAX | ||
| 650 | _aPOLLUTER PAYS PRINCIPLE | ||
| 650 | _aSEVERN TRENT | ||
| 650 | _aWASTE MATERIAL | ||
| 690 | _aTAXATION | ||
| 942 | _n0 | ||
| 948 | _c20/03/1998 | ||
| 999 |
_c53513 _d53513 |
||